| 000 | 00994nam a2200277 i 4500 | ||
|---|---|---|---|
| 001 | 184772 | ||
| 003 | ES-MaACL | ||
| 005 | 20231117115307.0 | ||
| 008 | 151210s2015 sp abo |||| | spa d | ||
| 020 | _a978-84-96862-64-7 | ||
| 080 | _a94(460.285 TO)"1936" | ||
| 080 | _a355.48(460)"1936/39" | ||
| 100 | 1 |
_aRuiz Casero, Luis Antonio. _9158340 |
|
| 245 | 1 | 0 |
_aMás allá del Alcázar _b: la batalla del sur del Tajo, Toledo y Argés, mayo de 1937 / _cLuis A. Ruiz. |
| 260 |
_a[Guadalajara] : _bSilente, _c[2015] |
||
| 300 |
_a190 p. : _bil., fot. ; _c24 cm. |
||
| 490 | 1 | _aSilente memoria histórica | |
| 500 | _aCronología. | ||
| 504 | _aBibliografía: p. 187-190. | ||
| 651 | 4 |
_aEspaña- _xHistoria- _y1936-1939, Guerra civil- _xCampañas. _98298 |
|
| 651 | 4 |
_aToledo- _xHistoria- _y1936-1939. _99445 |
|
| 830 | 0 |
_aSilente memoria histórica _9191407 |
|
| 852 |
_aES-MaACL _jA-13478 _9191785 _bR.150895 _cDEPO1 _dOlim: N-6478 |
||
| 942 |
_2udc _cMONOGRAFIA |
||
| 999 |
_c184772 _d184772 |
||